| 000 | 01350cam a2200193 4500 | ||
|---|---|---|---|
| 001 | L130382 | ||
| 008 | 050722n2005 000 0 eng u | ||
| 035 | _a(Sirsi) u130382 | ||
| 041 | _aeng | ||
| 110 |
_aEngland and Wales _bEnvironment Agency _92469 |
||
| 245 |
_aCatchment flood management plans _h[electronic resource] |
||
| 260 |
_aEnvironment Agency _c2005 |
||
| 520 | _aThe Environment Agency (EA) is creating a new, comprehensive approach to flood management, which could save money, be good for the environment and keep more people safe from flooding. The main aim of catchment flood management plans (CFMPs) is to assist the understanding of the factors that contribute to flood risk within a catchment and to recommend the best ways of managing the risk of flooding within the catchment over the next 50 to 100 years. A catchment is defined as an area that serves a river with rainwater. Any organisations such as local authorities or conservation bodies can participate in regional CFMPs, helping to shape EA's proposals. | ||
| 590 | _aIKA020805 | ||
| 651 | 4 |
_aEngland and Wales _y1543- |
|
| 690 | _aENVIRONMENTAL AND LAND CONSULTANCY-WATER RESOURCE MANAGEMENT-FLOODING | ||
| 856 |
_uhttps://www.environment-agency.gov.uk/research/planning/33586.aspx _zView CFMP pages free of charge at www.environment-agency.gov.uk... |
||
| 942 | _n0 | ||
| 999 |
_c104442 _d104442 |
||